000 00570nam a2200193Ia 4500
008 240729s9999 xx 000 0 und d
022 _a2057-4967
245 0 _aChinese Neurosurgical Journal
260 _aUnited Kingdom
260 _bBMC
650 _a Internal medicine
650 _a Neurology. Diseases of the nervous system
650 _a Neurosciences. Biological psychiatry. Neuropsychiatry
650 _a Surgery | Medicine
650 _aMedicine
856 _uhttps://doaj.org/toc/7c9baff744a248d6ae7d7b204c3700da
942 _2ddc
942 _cDOAJEJ
999 _c71865
_d71865
945 _a1
_bMadushi Gamage
_c1
_dMadushi Gamage